Statistiques concernant Dinosaures par Images

Cliquez ici pour prendre le quiz!

Statistiques générales

  • Ce quiz a été pris 3 457 fois
    (3 167 depuis la dernière actualisation)
  • Le résultat moyen est 9 sur 17

Statistiques - réponses

Réponse% Correct
Tyrannosaure
99%
Tricératops
89%
Diplodocus
83%
Stégosaure
79%
Vélociraptor
73%
Ankylosaure
64%
Spinosaure
64%
Ptéranodon
59%
Brachiosaure
56%
Iguanodon
48%
Allosaure
47%
Oviraptor
35%
Plésiosaure
34%
Pachycéphalosaure
33%
Parasaurolophus
31%
Archéoptéryx
29%
Gallimimus
20%

Distribution des résultats

Percentile par nombre de réponses

% des personnes avec chaque résultat

Votre développement - résultats

Vous n’avez pas pris ce quiz depuis la dernière actualisation